000 00572nam a2200193Ia 4500
005 20250508151719.0
008 008 250505s9999 xx 000 0 eng d
020 _a0-7195-3962-5
037 _aBooks to be hide in OPAC
040 _aFEDL
_beng
_cFEDL
041 _aeng
_2eng
084 _a378.33, UNE
_qFEDL
245 0 _aStudy abroad: International handbook fellowships, scholarships, educational exchange
260 _aParis, France
_bUNESCO
_c1955
300 _a703p.
546 _aMACESE
942 _cHB
_h378.33, UNE
999 _c1331636
_d1331636